APEC Schools

Panitikan ng Pilipinas / (Record no. 8123)

000 -LEADER
fixed length control field nam a22 7a 4500
005 - DATE AND TIME OF LATEST TRANSACTION
control field 20190913010031.0
008 - FIXED-LENGTH DATA ELEMENTS--GENERAL INFORMATION
fixed length control field 190913b xxu||||| |||| 00| 0 eng d
020 ## - IDENTIFIER FOR THE MANIFESTATION
Binding paperback
040 ## - CATALOGING SOURCE
Language of Cataloging eng
Transcribing Agency APEC Schools Library
Description Conventions rda
082 ## - DEWEY DECIMAL CLASSIFICATION NUMBER
Classification number F 899
Author's Number P191p 1954
100 ## - CREATOR
Preferred Name of the Person Panganiban, Villa
245 ## - TITLE AND STATEMENT OF RESPONSIBILITY
Preferred Title Proper Panitikan ng Pilipinas /
Statement of Responsibility/Parallel Statement of Responsibility Villa Panganiban
264 ## - PUBLICATION STATEMENT
Place of publication, distribution, etc Quezon City :
Publisher's Name/Parallel Publisher's Name Bede's Publishing House, Inc.,
Copyright ©1954.
300 ## - PHYSICAL DESCRIPTION
Extent 248 pages ;
336 ## - RDA CONTENT
Source rdacontent
Content Type text
337 ## - RDA MEDIA
Source rdamedia
Media Type unmediated
338 ## - RDA CARRIER
Source rdacarrier
Carrier Type volume
504 ## - BIBLIOGRAPHY, ETC. NOTE
Bibliography, etc Includes bibliographical references and index.
650 ## - ADDED SUBJECT ACCESS POINT - TOPICAL TERM
Topical Term Tagalog literature.
942 ## - ADDED ENTRY ELEMENTS (KOHA)
Source of Classification
Koha Item Type Non Fiction
Holdings
Library Site Location Shelving Location Source of Acquisition Full Classification Number Accession Number Koha Item Type
APEC Marikina Heights Library APEC Marikina Heights Library Filipiniana Donation F 899 P191p 1954 A08-0000208D Non Fiction

Powered by Koha